000 00614nam a2200229 a 4500
999 _c1552
_d1552
001 1552
003 BD-JhCC
005 20171021192347.0
008 171021s2008 bg |||| ||a| 000 0 ben d
020 _a9843000002596
035 _a(BD-JhCC)1552
040 _aBD-JhCC
_dBD-JhCC
041 _aben
082 _a891.4435
_bAHA 2008
100 _aআহমেদ, মঈন
245 _aজাদুর জগৎ /
_cমঈন আহমেদ
260 _aঢাকা :
_bপাঠসূত্র,
_c2008.
300 _a35 p. :
_c21 cm.
650 _aBebgali Short Story
942 _2ddc
_cBK